000 00901nam0a22002291i 4500
001 rc\413886
005 20240723234148.0
035 _a(NLR Aleph) 005661683
090 _a6879824
_c6879825
100 _a20030616d1988 u |0rusy50 ca
101 0 _arus
102 _aRU
105 _aa |||||||||
200 1 _aКультура карельской березы в подзоне южной тайги
_e(Костром. и Киров. обл.)
_eАвтореф. дис. на соиск. учен. степ. канд. с.-х. наук
_e(06.03.01)
_fЛенингр. лесотехн. акад. им. С.М. Кирова
210 _aЛ.
_d1988
215 _a17 с.
_cсхем.
320 _aБиблиогр.: с. 14-17 (24 назв.)
700 1 _aБагаев
_bС.С.
_gСергей Сергеевич
801 0 _aRU
_bNLR
_gpsbo
801 1 _aRU
_bELAR
_2rusmarc
852 _aNLR
_jА88/21328
942 _cBOOK